000 00655nam a2200205 i 4500
001 117358
003 ES-MaACL
005 20251116063101.0
007 t|
008 071121s1908 sp r ||||1| spa d
080 _a821.134.2-14"18"
100 1 _aPeñaranda Carlos,
_d1848-1908
_9131101
245 1 3 _aLa realidad en un sueño
_b: poema /
_cCarlos Peñaranda ; prólogo de Juan García Goyena.
250 _a2ª. ed.
260 _aMadrid :
_bbLibrería de San Martín [etc.],
_c1908 (
_fImp. Fortanet)
300 _a74 p. ;
_c19 cm.
700 1 _aGarcía Goyena, Juan.
_954721
852 _aES-MaACL
_jT-1173-F-2
999 _c117358
_d117358